000
00208 a2200097 4500
001
2992
100
_a
Ferguson, H
245
_a
The science of pleasure
260
_a
_b
Routledge book
_c
090
_c
2279
_d
2279
942
_a
NUST-CAE
_c
M
_c
14213
999
_c
238065
_d
238065